| 000 | 01439nam a22002778a 4500 | ||
|---|---|---|---|
| 005 | 20070727210110.0 | ||
| 008 | 070719s2008 nyu 000 0 eng | ||
| 010 | _aENG-91196 | ||
| 020 |
_a9780070264762 _c475.00 |
||
| 020 | _a0070264767 | ||
| 035 | _aEN-74729 | ||
| 037 | _bDBAD / PUB | ||
| 040 |
_adpl _bEnglish |
||
| 082 | _a650.142 | ||
| 100 | _aBetrus, Michael. | ||
| 245 |
_a202 great cover letters / _cby Michael Betrus. |
||
| 246 | _aTwo hundred and two great cover letters | ||
| 260 |
_aNew Delhi _bTata McGraw-Hill Pubsihing _c2008. |
||
| 300 |
_a282p. _c30cm (pbk) |
||
| 500 | _aIncludes index | ||
| 505 | _aHow to use this guide -- Writing a cover letter -- Street-smart writing tips -- Creating a solutions-based letter -- The hiring vantage point -- Broadcast letters -- Responses to job postings and classified ads -- Writing to an executive recruiter -- Networking -- Target companies directly -- Utilizing the consultative sales approach -- Letters for students -- Functional areas of expertise -- Contact during and after the interview process -- Reference and complimentary letters -- Resignation letters -- Keywords to know. | ||
| 650 | _aCover letters. | ||
| 650 | _aJob hunting. | ||
| 942 |
_2ddc _cEN _h650.142 _mBET |
||
| 999 |
_c16338 _d16338 |
||